Rui Barbosa e o ideal do Tribunal de Contas / (Record no. 844)

MARC details
000 -LÍDER
Campo Fixo de Controle 00691nam a2200229 a 4500
001 - NÚMERO DE CONTROLE
Campo de Controle 844
003 - IDENTIFICAÇÃO DO NÚMERO DE CONTROLE
Campo de Controle BR-CuiBMT
005 - DATA E HORA DA ÚLTIMA ATUALIZAÇÃO
Campo de Controle 20231121044523.0
008 - DADOS FIXOS
Dados Fixos 231121s2001 goba 000 0bpor d
040 ## - AGÊNCIA CATALOGADORA
Código da Agência Catalogadora BR-CuiBMT
Agência que transcreveu o registro BR-CuiBMT
080 ## - Nº DA CLASSIFICAÇÃO DECIMAL UNIVERSAL
Nº edição CDU 2007
Nº Class. CDU 340.12-051
Subd. Auxiliar Comum (091)
090 ## - NÚMERO DE CHAMADA
Nº classificação 340.12-051(091)
Cutter B238r
100 1# - ENTRADA PRINCIPAL -- AUTOR PESSOAL
Nome pessoal Barbosa, Eurico
245 10 - TÍTULO PRINCIPAL
Título principal Rui Barbosa e o ideal do Tribunal de Contas /
Indicação de responsabilidade Eurico Barbosa.
260 ## - PUBLICAÇÃO, DISTRIBUIÇÃO, ETC.
Local de publicação Goiânia :
Editora Kelps,
Data 2001.
300 ## - DESCRIÇÃO FÍSICA
N. páginas ou volumes 153 p. :
Ilustrações il., color. ;
Dimensões 20 cm
504 ## - NOTA DE BIBLIOGRAFIA, ETC.
Nota de bibliografia Inclui bibliografia.
650 ## - ASSUNTO TÓPICO
Cabeçalho tópico ou nome geográfico Barbosa, Ruy, 1849-1923
Subdivisão geral Biografia
650 ## - ASSUNTO TÓPICO
Cabeçalho tópico ou nome geográfico Juristas
Subdivisão geral Biografia
650 ## - ASSUNTO TÓPICO
Cabeçalho tópico ou nome geográfico Tribunal de contas
Subdivisão de forma História
Subdivisão geográfica Brasil
942 ## - ELEMENTOS DE ENTRADA ADICIONAIS (KOHA)
Fonte de classificação ou esquema de arquivamento Classificação Decimal Universal
Tipo de item do Koha Livros
Holdings
Estado: removido Estado: perdido Fonte de classificação ou esquema de arquivamento Estado: danificado Indisponível para empréstimo Localização permanente Localização atual Data de aquisição Total Checkouts Número de Chamada completo Código de barras Date last seen Número do exemplar Preço efetivo a partir de Tipo de item (Koha)
    Classificação Decimal Universal     Biblioteca da Escola Superior de Contas do TCE/MT Biblioteca da Escola Superior de Contas do TCE/MT 21/11/2023   340.12-051(091) B238r BIBTCEMT23110784 21/11/2023 Ex. 1 21/11/2023 Livros

Powered by Koha